00952nam a22002177a 4500003000800000008002300008037000800031040003000039080001400069100001300083245022900096260008800325300001800413502011900431650008200550655001200632700001300644710004700657942001300704999001700717BI-BuBU260603b20263/6 bd  bDon aBI-BuBUcBI-BuBUdBI-BuBU b551.579.41 4diraaut0 aCatastrophes socio-naturelles et résiliencebReprésentation et pratiques des habitants du bassin versant de la rivière gasenyi face au risque d´inondationcChrist Marie Fortuné Nendakumana;Pr Jean Marie Nduwayo dir aBujumburabUniversité du burundi,Faculté des lettres et sciences humainesc2025 aXII-70fc30cm aMémoire présenté et soutenu publiquement en vue de l´obtention du diplome de master en socio- anthropologie7 2BI-BuBUarisque d´inondationxcatastrophe socio-naturellezrivière gasenyi7 2BI-BuBU 4diraaut aFaculté des lettres et sciences humaines 2udccMEM c53970d53970